British Actors - Statistics

General Stats
  • This quiz has been taken 259 times
    244 since last reset
  • The average score is 9 of 18
Answer Stats
Hint Answer % Correct
Sherlock Holmes? Alan Turing? Benedict Cumberbatch
84%
Loki? Tom Hiddleston
79%
Bilbo Baggins? Martin Freeman
78%
Gandalf? Older Magneto? Ian Mckellen
70%
Voldemort? Ralph Fiennes
64%
Marius Pontmercy? Stephen Hawking? Eddie Redmayne
63%
Mr Darcy? Colin Firth
57%
Bane? Mad Max? Tom Hardy
55%
Batman? Trevor Reznik? Christian Bale
52%
Boromir? Ned Stark? Sean Bean
51%
Charlie Croker? Alfred? Michael Caine
49%
Dumbledore? King George V? Michael Gambon
46%
John Watson? Graham Simpkins? Jude Law
42%
Bryan Mills? Qui-Gon Jinn? Liam Neeson
41%
War Doctor? Mr Olivander? John Hurt
35%
Smithy? Paul Potts? James Corden
32%
Heinz Kruger? Thorin? Richard Armitage
25%
Dracula? Bard? Luke Evans
17%
No matching quizzes found
Score Distribution
Percent of People with Each Score
Percentile by Number Answered
Your Score History
You have not taken this quiz since the last reset